000 00466nam a22001577a 4500
999 _c23262
_d23262
003 NUST
008 140421b xxu||||| |||| 00| 0 eng d
020 _a9780691125657
_cAvailable
038 _aNusrat Nadeem
082 _a004
100 _aANGELA B. SHIFLET AND GEORGE W. SHIFLET
_921463
245 _aINTRODUCTION TO COMPUTATIONAL SCIENCE
_cANGELA B. SHIFLET
260 _aUSA
_bPRINCETON UNIVERSITY PRESS
_c2006
538 _iSupercomputing Lab
942 _cBK
_2ddc